ბათუმის შოთა რუსთაველის სახელმწიფო უნივერსიტეტის ბიბლიოთეკა

გადასახადები & აღრიცხვა. №23. 2018. (ბიბ.ჩანაწერი № 56686)

000 -LEADER
fixed length control field 01136nam a2200217Ia 4500
001 - CONTROL NUMBER
control field 23808
003 - CONTROL NUMBER IDENTIFIER
control field GE_BSU
008 - FIXED-LENGTH DATA ELEMENTS--GENERAL INFORMATION
fixed length control field 181216s||||||||xx |||||||||||||| ||und||
040 ## - CATALOGING SOURCE
Transcribing agency GE_BSU
245 ## - TITLE STATEMENT
Title გადასახადები & აღრიცხვა. №23. 2018.
245 ## - TITLE STATEMENT
Remainder of title საკონსულტაციო-ანალიტიკური ჟურნალი
245 ## - TITLE STATEMENT
Statement of responsibility, etc. რედ: კოტე უბირია, ექსპერტები:გონერ ურიდია,ჯემალ ძაგნიძე, მაია ნასარაია,და სხვ.
260 ## - PUBLICATION, DISTRIBUTION, ETC.
Place of publication, distribution, etc. თბილისი
260 ## - PUBLICATION, DISTRIBUTION, ETC.
Date of publication, distribution, etc. 2018წელი
300 ## - PHYSICAL DESCRIPTION
Extent 54გვ;29სმ;
653 ## - INDEX TERM--UNCONTROLLED
Uncontrolled term გადასახადები & აღრიცხვა. №23. 2018.
653 ## - INDEX TERM--UNCONTROLLED
Uncontrolled term ეკონომიკა
653 ## - INDEX TERM--UNCONTROLLED
Uncontrolled term კანონმდებლობის მიმოხილვა, აღრიცხვა,ოფიციალური მასალები,ექსპერტის კონსულტაცია.
653 ## - INDEX TERM--UNCONTROLLED
Uncontrolled term პერიოდიკა
942 ## - ADDED ENTRY ELEMENTS (KOHA)
Koha item type პერიოდიკა

არაა ხელმისაწვდომი ეგზემპლარები.